| 000 | 00434nam a22001697a 4500 | ||
|---|---|---|---|
| 003 | MACL | ||
| 005 | 20150828161134.0 | ||
| 008 | 150828b xxu||||| |||| 00| 0 eng d | ||
| 040 | _cMACL | ||
| 041 | _aEnglish | ||
| 082 | _a791.43/GAN | ||
| 100 |
_aSuranjan Ganguly _97923 |
||
| 245 | _aSatyajit Ray In Search Of The Modern | ||
| 260 |
_aNew Delhi _bIndialog Publication _c2001 |
||
| 650 |
_aPerforming Arts _97924 |
||
| 942 |
_2ddc _cBK |
||
| 999 |
_c50261 _d50261 |
||